pays attaqué par la France de 1946 à 2025 - Statistiques

Statistiques générales
  • Ce quiz a été pris 97 fois
  • Le résultat moyen est 10 sur 17
Statistiques - réponses
Date Pays % Correct
1954-1962 Algérie
97%
1950-1960,2013-2022 Mali
86%
1991,2014-2019 Irak
84%
1983-2011 Libye
73%
2001-2022 Afghanistan
67%
2015-2019 Syrie
67%
1958 Tunisie
64%
2023 Niger
61%
1946-1954 Indochine
60%
1960-1980 Tchad
59%
1956 Égypte
56%
2002-2011 Côte d'Ivoire
55%
2022 Burkina Faso
52%
1950-1960 Mauritanie
48%
1979,1996,2013 République centrafricaine
41%
1955-1962 Cameroun
40%
1990-1994 Rwanda
35%
Aucun quiz correspondant
Distribution des résultats
% des personnes avec chaque résultat
Percentile par nombre de réponses
Votre historique - résultats
Vous n’avez pas pris ce quiz